000 00562nam a2200205Ia 4500
005 20260122095520.0
008 260121s9999||||xx |||||||||||||| ||und||
020 _a9780367697969
082 _a304.6
_bHAZ
100 _aHazen, Helen D.
245 0 _aPopulation geography :
_bsocial justice for a sustainable world /
260 _aLondon :
_bRoutledge,
_c2024.
300 _axvii, 334 p.; pbk
650 _aGeography
650 _aPopulation
650 _aSocial justice
700 _aAlberts, Heike C.
700 _aZaniewski, Kazimierz J.
942 _cTB
999 _c48542
_d48542